Complétez les titres de film #2 - Statistiques

Statistiques générales
  • Ce quiz a été pris 2 019 fois
  • Le résultat moyen est 12 sur 20
Statistiques - réponses
Titres de films Mots manquants % Correct
Maman, j'ai ____ _ _____ raté l'avion
96%
La vie est un long _____ ______ fleuve tranquille
91%
Le _____ de Chihiro voyage
86%
Le _____ _____ d'Amélie Poulain fabuleux destin
81%
La vie est _____ belle
73%
Juste la fin du _____ monde
68%
N'oublie _____ jamais
67%
Requiem for a _____ dream
64%
Prête moi ta _____ main
61%
Thelma et _____ Louise
60%
The Grand _____ Hotel Budapest
55%
_____ Now Apocalypse
50%
Un long _____ de fiançailles dimanche
49%
Quand Harry rencontre _____ Sally
49%
Eternal _____ of a spotless mind sunshine
40%
Le premier jour du _____ __ __ ___ reste de ta vie
39%
_____ Kane Citizen
34%
Virgin _____ suicides
32%
Diamants sur _____ canapé
30%
Mange, _____, aime prie
29%
Aucun quiz correspondant
Distribution des résultats
% des personnes avec chaque résultat
Percentile par nombre de réponses
Votre historique - résultats
Vous n’avez pas pris ce quiz